Movies Quiz

Random Movies or Director Quiz

Top-Rated Movies by Director Quiz Stats

 Plays Quiz Updated Jun 7, 2018

Also try: 5-Star Directors
Challenge
Share
Tweet
Embed
Score 0/80 Timer 12:00
0 Plays Today
% Correct
Titanic
88.1%
E.T. The Extra-Terrestrial
67.5%
Alien
64.7%
Edward Scissorhands
62.1%
Fargo
60.8%
The Terminator
55.7%
Aliens
55.4%
No Country for Old Men
51.2%
Unforgiven
50%
Jaws
49.8%
GoodFellas
49.3%
Terminator 2: Judgment Day
47.2%
Schindler's List
47.1%
Apollo 13
41.4%
JFK
40.8%
Platoon
40.4%
Taxi Driver
38.5%
Se7en
36.8%
Back to the Future
35.8%
Raging Bull
35.7%
Brazil
35.2%
Spider-Man 2
34.7%
Gone Girl
34.5%
Close Encounters of the Third Kind
33.3%
Collateral
32.4%
The Evil Dead
32.1%
Ed Wood
28.8%
Sweeney Todd: The Demon Barber of Fleet Street
28.5%
The Social Network
26.1%
Blade Runner
25.7%
Evil Dead 2
25.4%
This is Spinal Tap
24.9%
The Abyss
24.1%
Monty Python and the Holy Grail
22.3%
True Grit
22.3%
Blood Simple
22.2%
Mean Streets
21.9%
The Princess Bride
19.9%
Born on the Fourth of July
18.3%
Zodiac
18.1%
% Correct
The Girl With the Dragon Tattoo
17.2%
sex, lies, and videotape
15.9%
Cast Away
13.8%
Time Bandits
12.7%
Frankenweenie
11.7%
Stand by Me
11.5%
Inside Llewyn Davis
11.5%
Pee-wee's Big Adventure
11.1%
Splash
10.8%
Catch Me If You Can
10.8%
Who Framed Roger Rabbit
10.4%
Manhunter
10%
Frost/Nixon
9.2%
Drag Me to Hell
9.2%
The Outlaw Josey Wales
9.1%
Thelma & Louise
8.2%
Out of Sight
8.2%
Hugo
8.1%
The Insider
8%
The Last of the Mohicans
7.3%
Parenthood
6.6%
Pale Rider
6.3%
Honkytonk Man
6.3%
High Plains Drifter
6.1%
Romancing the Stone
6.1%
The Martian
6%
The Limey
5.6%
A Simple Plan
5.1%
The Adventures of Baron Munchausen
4.9%
Thief
4.9%
Salvador
4.5%
When Harry Met Sally
4.3%
I Wanna Hold Your Hand
4.2%
Logan Lucky
3.3%
Monty Python's The Meaning of Life
3.2%
The Duellists
3.1%
Talk Radio
3%
The American President
2.9%
King of the Hill
2.2%
Night Shift
2%

You're not logged in!

Compare scores with friends on all Sporcle quizzes.
OR
Log In

You Might Also Like...

Show Comments

Extras

Top Quizzes Today


Score Distribution

Your Account Isn't Verified!

In order to create a playlist on Sporcle, you need to verify the email address you used during registration. Go to your Sporcle Settings to finish the process.

Report this User

Report this user for behavior that violates our Community Guidelines.

Details: